[Event "Unterfranken-ch HT 55th"]
[Site "Bad Koenigshofen"]
[Date "2004.04.15"]
[Round "5"]
[White "Barthel, Fabian"]
[Black "Konrad, Gregor"]
[Result "1-0"]
[WhiteElo "1606"]
[BlackElo "1135"]
[PlyCount "93"]
[EventDate "2004.04.12"]
[EventType "swiss"]
[EventRounds "9"]
[EventCountry "GER"]
[SourceTitle "EXT 2015"]
[Source "ChessBase"]
[SourceDate "2014.11.20"]
[SourceVersion "1"]
[SourceVersionDate "2014.11.20"]
[SourceQuality "1"]

1. e4 e5 2. Bc4 Nf6 3. d4 exd4 4. Nf3 Nc6 5. Bg5 Be7 6. Nxd4 h6 7. Bh4 d6 8. Nc3 Nxe4 9. Nxe4 Bxh4 10. 0-0 d5 11. Bb5 dxe4 12. Nxc6 Qxd1 13. Raxd1 0-0 14. Ne5 Bf5 15. g4 Be6 16. h3 Bf6 17. Nd7 Bxd7 18. Rxd7 Rac8 19. b3 Rfd8 20. Rfd1 Kf8 21. Bc4 Rxd7 22. Rxd7 Ke8 23. Rxf7 b5 24. Be6 Rd8 25. Rxc7 Rd2 26. Bf5 Bd4 27. Bxe4 Rxf2 28. Kh1 Be5 29. Rxa7 Rh2+ 30. Kg1 Rxh3 31. Bf5 Bd4+ 32. Kg2 Bxa7 33. Kxh3 Bc5 34. c3 Ba3 35. Bd3 b4 36. cxb4 Bxb4 37. a4 Kf7 38. Kg3 Kf6 39. Kh4 Bc3 40. Kg3 Kg5 41. Kf3 h5 42. gxh5 Kxh5 43. Ke4 g5 44. Kd5 g4 45. Kc4 Be1 46. b4 g3 47. Be4 1-0

[Event "Unterfranken-ch HT 55th"]
[Site "Bad Koenigshofen"]
[Date "2004.04.13"]
[Round "3"]
[White "Loeser, Tobias"]
[Black "Barthel, Fabian"]
[Result "0-1"]
[WhiteElo "1292"]
[BlackElo "1606"]
[PlyCount "34"]
[EventDate "2004.04.12"]
[EventType "swiss"]
[EventRounds "9"]
[EventCountry "GER"]
[SourceTitle "EXT 2015"]
[Source "ChessBase"]
[SourceDate "2014.11.20"]
[SourceVersion "1"]
[SourceVersionDate "2014.11.20"]
[SourceQuality "1"]

1. e4 e6 2. d4 d5 3. Nc3 Bb4 4. a3 Bxc3+ 5. bxc3 dxe4 6. f3 Nc6 7. Bf4 Nf6 8. fxe4 Nxe4 9. Bd3 Nxc3 10. Qg4 Qxd4 11. Nf3 Qf6 12. 0-0 e5 13. Bxe5 Nxe5 14. Nxe5 Qb6+ 15. Kh1 Bxg4 16. Rfe1 0-0 17. Nxg4 Rae8 0-1

[Event "Unterfranken-ch HT 55th"]
[Site "Bad Koenigshofen"]
[Date "2004.04.12"]
[Round "1"]
[White "Barthel, Fabian"]
[Black "Mueller, Maximilian2222"]
[Result "1-0"]
[WhiteElo "1606"]
[BlackElo "1006"]
[PlyCount "85"]
[EventDate "2004.04.12"]
[EventType "swiss"]
[EventRounds "9"]
[EventCountry "GER"]
[SourceTitle "EXT 2015"]
[Source "ChessBase"]
[SourceDate "2014.11.20"]
[SourceVersion "1"]
[SourceVersionDate "2014.11.20"]
[SourceQuality "1"]

1. c4 e5 2. g3 Bc5 3. Bg2 d6 4. Nc3 Nf6 5. e3 Nc6 6. Nge2 Bf5 7. d4 Bb6 8. 0-0 0-0 9. a3 Bg4 10. h3 Bh5 11. g4 Bg6 12. b4 Qc8 13. c5 dxc5 14. dxc5 Nxg4 15. hxg4 Qxg4 16. Ng3 Qc4 17. Bb2 a5 18. cxb6 axb4 19. axb4 Qxb4 20. Qe2 Qxb6 21. Rxa8 Rxa8 22. Rd1 h6 23. Nd5 Qa5 24. Ra1 Qxa1+ 25. Bxa1 Rxa1+ 26. Kh2 Ra4 27. Nxc7 Rh4+ 28. Kg1 Ra4 29. Bd5 Ra1+ 30. Kg2 Nb4 31. Qc4 Nxd5 32. Nxd5 Ra8 33. Ne7+ Kh7 34. Nxg6 fxg6 35. Qf7 b5 36. f4 exf4 37. exf4 b4 38. f5 Ra6 39. Kh3 Rb6 40. Ne4 b3 41. f6 Rxf6 42. Nxf6+ Kh8 43. Qg8# 1-0

[Event "Unterfranken-ch HT 55th"]
[Site "Bad Koenigshofen"]
[Date "2004.04.12"]
[Round "2"]
[White "Barthel, Fabian"]
[Black "Treibel, Michael"]
[Result "0-1"]
[WhiteElo "1606"]
[BlackElo "1686"]
[PlyCount "92"]
[EventDate "2004.04.12"]
[EventType "swiss"]
[EventRounds "9"]
[EventCountry "GER"]
[SourceTitle "EXT 2015"]
[Source "ChessBase"]
[SourceDate "2014.11.20"]
[SourceVersion "1"]
[SourceVersionDate "2014.11.20"]
[SourceQuality "1"]

1. c4 d5 2. g3 e6 3. Bg2 Nf6 4. Nf3 d4 5. d3 c5 6. 0-0 Nc6 7. a3 Be7 8. Qc2 0-0 9. Bg5 a5 10. Nbd2 Re8 11. Rad1 Qc7 12. a4 Nb4 13. Qc1 Bd7 14. b3 Na2 15. Qb2 Nc3 16. Rde1 e5 17. Nb1 Nxb1 18. Rxb1 Ra6 19. Rfe1 Ng4 20. h3 Bxg5 21. Nxg5 Nf6 22. Kh2 Rb6 23. Qd2 Rb4 24. e3 h6 25. Nf3 Qb6 26. Qc2 Nh7 27. Ng1 g5 28. Rf1 Re6 29. Ne2 Qd8 30. f4 f6 31. Rf2 Reb6 32. Rff1 Nf8 33. fxe5 fxe5 34. Ng1 Rf6 35. Rf3 Rxf3 36. Nxf3 Ng6 37. Rf1 Rb6 38. Qc1 Rf6 39. Kg1 g4 40. hxg4 Bxg4 41. Qd2 Kg7 42. Rf2 b6 43. Nh2 Bd7 44. Qe2 Rxf2 45. Kxf2 Qg5 46. Ke1 Qxg3+ 0-1

[Event "Augsburg Afro op"]
[Site "Augsburg"]
[Date "2003.08.08"]
[Round "4"]
[White "Barthel, Fabian"]
[Black "Hopf, Werner"]
[Result "1-0"]
[WhiteElo "1514"]
[BlackElo "1791"]
[PlyCount "85"]
[EventDate "2003.08.06"]
[EventType "swiss"]
[EventRounds "7"]
[EventCountry "GER"]
[SourceTitle "EXT 2006"]
[Source "ChessBase"]
[SourceDate "2005.11.24"]
[SourceVersion "1"]
[SourceVersionDate "2005.11.24"]
[SourceQuality "1"]

1. c4 c5 2. g3 Nf6 3. Bg2 Nc6 4. Nc3 g6 5. e4 Bg7 6. Nge2 d6 7. d3 0-0 8. 0-0 Rb8 9. h3 Bd7 10. Be3 a6 11. a4 Qc8 12. Kh2 Nb4 13. Qd2 Rd8 14. f4 Bc6 15. Nd5 Nfxd5 16. exd5 Bd7 17. d4 b6 18. b3 h5 19. Nc3 Nc2 20. Qxc2 cxd4 21. Bd2 dxc3 22. Bxc3 Bf5 23. Qb2 Bxc3 24. Qxc3 Qc7 25. Rfe1 Rdc8 26. Bf1 Re8 27. Re3 Qa7 28. Rae1 f6 29. Qd2 Kf7 30. Qe2 Qd7 31. Qg2 Rb7 32. Be2 Qd8 33. g4 hxg4 34. hxg4 Bc8 35. Rh3 Rh8 36. Kg3 Rxh3+ 37. Qxh3 Qg8 38. Rh1 Bd7 39. Qh7+ Qg7 40. Bd3 f5 41. Rh6 Rb8 42. Kh4 Kf6 43. Rxg6+ 1-0

[Event "Unterfranken-ch HT 52th"]
[Site "Massbach"]
[Date "2001.04.17"]
[Round "3"]
[White "Ebner, Simon"]
[Black "Barthel, Fabian"]
[Result "0-1"]
[WhiteElo "793"]
[BlackElo "1318"]
[PlyCount "41"]
[EventDate "2001.04.16"]
[EventType "swiss"]
[EventRounds "9"]
[EventCountry "GER"]
[SourceTitle "EXT 2015"]
[Source "ChessBase"]
[SourceDate "2014.11.20"]
[SourceVersion "1"]
[SourceVersionDate "2014.11.20"]
[SourceQuality "1"]

1. d4 Nf6 2. Nf3 e6 3. Bf4 d5 4. Nc3 Bd6 5. Bg3 Bxg3 6. hxg3 Nbd7 7. e3 0-0 8. Qd3 h6 9. 0-0-0 c5 10. Ne5 c4 11. Qe2 a6 12. e4 Re8 13. f4 b5 14. exd5 exd5 15. Qf3 Nb6 16. Rh4 Bf5 17. Ng4 Bxg4 18. Rxg4 Nxg4 19. Qxg4 b4 20. Nb1 Qc8 21. c3 0-1

[Event "Unterfranken-ch HT 52th"]
[Site "Massbach"]
[Date "2001.??.??"]
[Round "?"]
[White "Barthel, Fabian"]
[Black "Reichel, Guenther"]
[Result "1-0"]
[WhiteElo "1318"]
[BlackElo "1574"]
[PlyCount "78"]
[EventDate "2001.04.16"]
[EventType "swiss"]
[EventRounds "9"]
[EventCountry "GER"]
[SourceTitle "EXT 2015"]
[Source "ChessBase"]
[SourceDate "2014.11.20"]
[SourceVersion "1"]
[SourceVersionDate "2014.11.20"]
[SourceQuality "1"]

1. d4 e6 2. c4 f5 3. Nc3 Nf6 4. Nf3 Bb4 5. Bd2 0-0 6. a3 Bxc3 7. Bxc3 d6 8. e3 b6 9. Be2 Bb7 10. 0-0 Nbd7 11. Qd3 Ne4 12. b4 Qe7 13. d5 e5 14. Nd2 Ndf6 15. f3 Nxc3 16. Qxc3 Ba6 17. b5 Bc8 18. Qd3 Nd7 19. Nb3 f4 20. exf4 Rxf4 21. g3 Rf6 22. Rf2 a5 23. a4 Rg6 24. Rg2 Nf6 25. g4 e4 26. Qe3 Qe5 27. f4 Nxd5 28. cxd5 Qxd5 29. Nd2 Qf7 30. f5 Rf6 31. Qxe4 d5 32. Qf4 Bb7 33. Rg3 Re8 34. Re3 Rxe3 35. Qxe3 Qf8 36. Qd4 Qe8 37. Bf3 Rd6 38. Kf2 c5 39. Qe3 c4 1-0